Unscramble Valorant Agents and Maps - Statistics

General Stats
  • This quiz has been taken 24 times
  • The average score is 28 of 41
Answer Stats
Hint Answer % Correct
hbrcea Breach
91%
aatsr Astra
86%
jtte Jett
86%
ojte Tejo
86%
rbimtsone Brimstone
82%
kogek Gekko
82%
osi Iso
82%
okya Kayo
82%
gsae Sage
82%
rfuacret Fracture
77%
onne Neon
77%
neom Omen
77%
ehonpix Phoenix
77%
reza Raze
77%
osva Sova
77%
uroy Yoru
77%
dnib Bind
73%
zebere Breeze
73%
klojlyyo Killjoy
73%
eotv Veto
73%
rvepi Viper
73%
esvy Vyse
73%
ecolv Clove
68%
aedf Fade
68%
ahvne Haven
68%
stolu Lotus
68%
ksmi Miks
68%
eysk Skye
68%
tplis Split
68%
yaren Reyna
64%
yalwya Waylay
64%
rhemcab Chamber
59%
dorecor Corrode
59%
rbohar Harbor
59%
rlaep Pearl
59%
ybsas Abyss
45%
etcnas Ascent
45%
stusen Sunset
45%
ryepch Cypher
41%
ocxebi Icebox
36%
kcdeldao Deadlock
32%
No matching quizzes found
Score Distribution
Percent of People with Each Score
Percentile by Number Answered
Your Score History
You have not taken this quiz